[Event "6th Sharjah Masters 2023"]
[Site "Sharjah UAE"]
[Date "2023.05.19"]
[Round "3.31"]
[White "Chigaev, Maksim"]
[Black "Can, Emre"]
[Result "1-0"]
[WhiteTitle "GM"]
[BlackTitle "GM"]
[WhiteElo "2628"]
[BlackElo "2575"]
[WhiteFideId "4108116"]
[BlackFideId "6302181"]
[EventDate "2023.05.17"]
[EventType "swiss"]

1. c4 e6 2. g3 d5 3. Bg2 Nf6 4. d4 Bb4+ 5. Nd2 O-O 6. Nf3 b6 7. O-O Bb7 8. a3
Be7 9. cxd5 exd5 10. b4 a5 11. b5 c6 12. Qa4 cxb5 13. Qxb5 Ba6 14. Qb2 Nbd7 15.
Ne5 Nxe5 16. dxe5 Nd7 17. Nf3 Nc5 18. Nd4 Qd7 19. Bf4 b5 20. h4 Rfc8 21. Qa2 Ne6
22. Rfd1 Nxf4 23. gxf4 Bb7 24. Qb3 Rc4 25. Qxb5 Qxb5 26. Nxb5 Rxf4 27. Nd6 Ba6
28. e3 Rg4 29. f3 Ra4 30. f4 Bxd6 31. exd6 Bc4 32. Rd4 Bb3 33. Rxa4 Bxa4 34.
Bxd5 Ra6 35. Rb1 g6 36. Rb8+ Kg7 37. Rd8 Rb6 38. e4 Bb3 39. d7 1-0

[Event "6th Sharjah Masters 2023"]
[Site "Sharjah UAE"]
[Date "2023.05.19"]
[Round "3.32"]
[White "Azarov, Sergei"]
[Black "Karthikeyan, Murali"]
[Result "1/2-1/2"]
[WhiteTitle "GM"]
[BlackTitle "GM"]
[WhiteElo "2582"]
[BlackElo "2627"]
[WhiteFideId "13501470"]
[BlackFideId "5074452"]
[EventDate "2023.05.17"]
[EventType "swiss"]

1. e4 e5 2. Nf3 Nc6 3. Bb5 a6 4. Ba4 Nf6 5. O-O Be7 6. d3 b5 7. Bb3 d6 8. a4 Bd7
9. c3 O-O 10. Re1 Na5 11. Bc2 c5 12. Nbd2 Re8 13. Nf1 h6 14. h3 Bf8 15. Ne3 Be6
16. d4 exd4 17. cxd4 bxa4 18. Bxa4 Re7 19. Bc2 Nc4 20. dxc5 dxc5 21. Qxd8 Rxd8
22. Rxa6 Nxe3 23. Rxe3 Rb7 24. Rea3 Rb4 25. Ne5 Nxe4 26. Ra8 Rc8 27. Rxc8 Bxc8
28. Be3 Bb7 29. Bb3 c4 30. Bxc4 Nd6 31. Rb3 Nxc4 32. Rxb4 Bxb4 33. Nxc4 f6 34.
b3 Ba6 35. f4 Kf7 36. Kf2 Ke6 37. g4 g5 38. f5+ Kd5 39. Kf3 Bxc4 40. bxc4+ Kxc4
41. Ke4 Bc3 42. h4 gxh4 43. Bxh6 h3 44. Kf3 Be5 45. Bg7 Kd5 1/2-1/2

[Event "6th Sharjah Masters 2023"]
[Site "Sharjah UAE"]
[Date "2023.05.19"]
[Round "3.34"]
[White "Kobalia, Mikhail"]
[Black "Vescovi, Giovanni"]
[Result "1/2-1/2"]
[WhiteTitle "GM"]
[BlackTitle "GM"]
[WhiteElo "2578"]
[BlackElo "2606"]
[WhiteFideId "4119150"]
[BlackFideId "2100789"]
[EventDate "2023.05.17"]
[EventType "swiss"]

1. Nf3 d5 2. b3 Nf6 3. Bb2 e6 4. e3 b6 5. c4 Bb7 6. Nc3 a6 7. Rc1 Nbd7 8. cxd5
exd5 9. Ne2 Bc5 10. a3 O-O 11. Ned4 Bxd4 12. Nxd4 c5 13. Nf5 d4 14. exd4 cxd4
15. Bxd4 Re8+ 16. Ne3 Ne4 17. Bb2 Ndc5 18. d3 Nxf2 19. Kxf2 Qh4+ 20. g3 Qg5 21.
Ng2 Rad8 22. Kg1 Qf5 23. g4 Qd5 24. h4 Re3 25. Rh2 Rg3 26. Rc4 Re8 27. Rd4 Qe6
28. Rf4 Nxd3 29. Bxd3 Qd5 30. Bxh7+ Kxh7 31. Qxd5 Bxd5 32. Kf2 Rxb3 33. Bc1 Rc8
34. Bd2 Rc2 35. Rd4 Bxg2 36. Rxg2 Rxa3 37. h5 Rh3 38. Ke2 Rc7 39. Rd6 Rb7 40.
Rd8 b5 41. Kd1 Re7 42. Kc2 f6 43. Rd6 Re4 44. Rxa6 Rc4+ 45. Kb2 Rh4 46. g5 fxg5
47. Rxg5 Rcg4 48. Rxb5 Rg2 49. Rd5 Rh3 50. Kc2 Rgh2 51. Raa5 Rg2 52. Rg5 Rhg3
53. Rxg3 Rxg3 54. Re5 Rf3 55. Be3 Rh3 56. Kd2 Rh2+ 57. Kd3 Rh4 58. Ra5 Kg8 59.
Ke2 Rh3 60. Kf2 Kh7 61. Re5 Rh4 62. Kg3 Rh1 63. Ra5 Re1 64. Kf3 Rf1+ 65. Kg4 Rf7
66. Bf4 Re7 67. Rc5 Rb7 68. Kg5 Rd7 69. Rc7 Rd5+ 70. Kg4 Kg8 71. Be3 Rd3 72. Re7
Rd5 73. Bf4 Rd1 74. Kf5 Rf1 75. Ra7 Rf2 76. Ra1 Kh7 77. Rg1 Rf3 78. Kg5 Rf2 79.
Rg3 Rf1 80. Be5 Rf7 81. Rc3 Rf2 82. Rc7 Rg2+ 83. Kh4 Rg1 84. Bd4 Rg2 85. Rd7 Kg8
86. Rd5 Rd2 1/2-1/2

[Event "6th Sharjah Masters 2023"]
[Site "Sharjah UAE"]
[Date "2023.05.19"]
[Round "3.35"]
[White "Tin, Jingyao"]
[Black "Mastrovasilis, Dimitrios"]
[Result "1-0"]
[WhiteTitle "GM"]
[BlackTitle "GM"]
[WhiteElo "2576"]
[BlackElo "2603"]
[WhiteFideId "5804418"]
[BlackFideId "4202694"]
[EventDate "2023.05.17"]
[EventType "swiss"]

1. d4 d5 2. c4 e6 3. Nc3 Nf6 4. Nf3 dxc4 5. e4 Bb4 6. Bxc4 Nxe4 7. O-O Nxc3 8.
bxc3 Be7 9. Ne5 O-O 10. Re1 Nc6 11. Qg4 f5 12. Qf3 Nxe5 13. Rxe5 Kh8 14. Bf4 Bd6
15. Re3 Bxf4 16. Qxf4 Qd6 17. Re5 Bd7 18. Rae1 Rf6 19. h4 Raf8 20. h5 h6 21. Qe3
a6 22. Bb3 Bc8 23. Qe2 Qc6 24. Rc5 Qd6 25. Qf3 R6f7 26. Rce5 Rf6 27. Qd3 Bd7 28.
Qe2 Bb5 29. Qd1 Bc6 30. Bxe6 Be4 31. Bb3 c6 32. c4 b5 33. c5 Qd7 34. f3 Bd5 35.
Bxd5 cxd5 36. f4 b4 37. Qb3 a5 38. Qxd5 Qb5 39. Re7 a4 40. Qd7 Qc4 41. Rxg7 R6f7
42. Rxf7 Rxf7 43. Qd6 1-0

[Event "6th Sharjah Masters 2023"]
[Site "Sharjah UAE"]
[Date "2023.05.19"]
[Round "3.36"]
[White "Van Foreest, Lucas"]
[Black "Harsha, Bharathakoti"]
[Result "0-1"]
[WhiteTitle "GM"]
[BlackTitle "GM"]
[WhiteElo "2556"]
[BlackElo "2602"]
[WhiteFideId "1039792"]
[BlackFideId "5078776"]
[EventDate "2023.05.17"]
[EventType "swiss"]

1. e4 c5 2. c3 Nf6 3. e5 Nd5 4. d4 cxd4 5. cxd4 d6 6. Nf3 e6 7. Bc4 Be7 8. O-O
O-O 9. Qe2 dxe5 10. dxe5 Bd7 11. Rd1 Bc6 12. Nd4 Bc5 13. Nxc6 Nxc6 14. Bd2 Bd4
15. Bc3 Bxc3 16. Bxd5 Nd4 0-1

[Event "6th Sharjah Masters 2023"]
[Site "Sharjah UAE"]
[Date "2023.05.19"]
[Round "3.37"]
[White "Sanal, Vahap"]
[Black "Petkov, Momchil"]
[Result "1-0"]
[WhiteTitle "GM"]
[BlackTitle "GM"]
[WhiteElo "2600"]
[BlackElo "2522"]
[WhiteFideId "6300545"]
[BlackFideId "2921642"]
[EventDate "2023.05.17"]
[EventType "swiss"]

1. e4 c5 2. Nc3 Nc6 3. g3 g6 4. Bg2 Bg7 5. Nge2 d6 6. d3 Rb8 7. a4 e6 8. O-O
Nge7 9. Be3 Nd4 10. Nb5 Nxe2+ 11. Qxe2 a6 12. Nc3 O-O 13. Qd2 Nc6 14. Bh6 Bxh6
15. Qxh6 Nd4 16. Qd2 Bd7 17. f4 Bc6 18. Rf2 f5 19. Ne2 Qb6 20. b3 Nxe2+ 21. Qxe2
Rbe8 22. Qe3 Qb4 23. Re1 Qc3 24. Qd2 Qxd2 25. Rxd2 Kf7 26. Rde2 fxe4 27. Bxe4
Bxe4 28. Rxe4 a5 29. Kg2 Re7 30. g4 Rc8 31. Kg3 Rc6 32. Kh4 Kf6 33. Kg3 Rb6 34.
g5+ Kf7 35. Kg4 d5 36. Re5 Rb4 37. h4 c4 38. bxc4 dxc4 39. d4 Rd7 40. Rxe6 c3
41. d5 Rd4 42. h5 gxh5+ 43. Kxh5 R4xd5 44. Kh6 Rf5 45. R6e4 Kg8 46. Re8+ Kf7 47.
R8e4 Kg8 48. Re8+ Kf7 49. Rh8 Rd6+ 50. Kh5 Kg7 51. Ree8 Rfd5 52. f5 h6 53. Rhg8+
Kh7 54. Rh8+ Kg7 55. Rxh6 Rxh6+ 56. gxh6+ 1-0

[Event "6th Sharjah Masters 2023"]
[Site "Sharjah UAE"]
[Date "2023.05.19"]
[Round "3.38"]
[White "Dragnev, Valentin"]
[Black "Piorun, Kacper"]
[Result "0-1"]
[WhiteTitle "GM"]
[BlackTitle "GM"]
[WhiteElo "2593"]
[BlackElo "2601"]
[WhiteFideId "1634852"]
[BlackFideId "1130420"]
[EventDate "2023.05.17"]
[EventType "swiss"]

1. e4 c5 2. Nf3 Nc6 3. Nc3 g6 4. d4 cxd4 5. Nxd4 Bg7 6. Be3 Nf6 7. Bc4 Qa5 8.
O-O O-O 9. h3 d6 10. Nd5 Qd8 11. Nxf6+ Bxf6 12. c3 Bd7 13. Re1 a6 14. Qe2 Qc7
15. Rad1 Ne5 16. Bb3 Rfc8 17. f4 Nc4 18. Nf3 Bb5 19. a4 Be8 20. Bf2 b5 21. e5
dxe5 22. fxe5 Bg7 23. Rd4 Rab8 24. axb5 axb5 25. Bg3 Rb7 26. Kh2 Qc5 27. Red1
Ra7 28. Rd8 Raa8 29. R8d5 Qb6 30. Bf2 Qb7 31. e6 fxe6 32. R5d3 Bf6 33. Bg3 Kg7
34. Ne5 Nxe5 35. Bxe5 Ra6 36. Bg3 Qb6 37. Rf3 Rd8 38. Rdf1 Qc5 39. Bxe6 Bc6 40.
Re3 Bd5 41. Bxd5 Rxd5 42. b4 Qa7 43. Re1 Ra2 44. Qf3 Rf5 45. Qc6 Ra1 46. Qe8
Rxe1 47. Rxe1 h5 48. Bb8 Qb7 49. Re2 Qd5 50. Qc8 Qd1 51. Qe6 Rf1 52. Be5 h4 53.
Qxe7+ Kh6 54. Qf8+ Kh5 55. g4+ hxg3+ 56. Kxg3 Qxe2 0-1

[Event "6th Sharjah Masters 2023"]
[Site "Sharjah UAE"]
[Date "2023.05.20"]
[Round "4.1"]
[White "Praggnanandhaa, R"]
[Black "Nihal, Sarin"]
[Result "1/2-1/2"]
[WhiteTitle "GM"]
[BlackTitle "GM"]
[WhiteElo "2688"]
[BlackElo "2673"]
[WhiteFideId "25059530"]
[BlackFideId "25092340"]
[EventDate "2023.05.17"]
[EventType "swiss"]

1. d4 Nf6 2. c4 e6 3. Nf3 d5 4. g3 Be7 5. Bg2 O-O 6. O-O dxc4 7. Qc2 a6 8. a4
Bd7 9. Qxc4 Bc6 10. Bf4 a5 11. Nc3 Na6 12. Rac1 Nb4 13. Ne5 Bxg2 14. Kxg2 Nfd5
15. Nxd5 Nxd5 16. Bd2 Bb4 17. Rfd1 c6 18. e4 Bxd2 19. Rxd2 Nb4 20. b3 Re8 21.
Qc5 Na6 22. Qc3 Nb4 23. Qf3 Qc7 24. Qh5 Rad8 25. Rcd1 b6 26. h4 Rd6 27. Nc4 Rd7
28. Qg5 Red8 29. Qe3 Qb7 30. Kg1 h6 31. Qc3 Na6 32. Ne3 Nb4 33. Kh2 Qc7 34. Nc4
Qb7 35. Qe3 Qc7 36. Ne5 Rd6 37. Qf4 b5 38. Qe3 Qe7 39. Qc3 Qa7 40. Kg1 Qb6 41.
Nf3 Qa7 42. Kg2 Qb7 43. Qe3 Qa7 44. Rc1 Qb7 45. Rc3 Qa7 46. h5 Qb7 47. Rd1 Qd7
48. Ra1 Qa7 49. Qc1 Rxd4 50. Nxd4 Qxd4 51. axb5 Qxe4+ 52. Kg1 cxb5 53. Rxa5 Nd3
54. Qd2 1/2-1/2

[Event "6th Sharjah Masters 2023"]
[Site "Sharjah UAE"]
[Date "2023.05.20"]
[Round "4.2"]
[White "Ju, Wenjun"]
[Black "Tabatabaei, M. Amin"]
[Result "1/2-1/2"]
[WhiteTitle "GM"]
[BlackTitle "GM"]
[WhiteElo "2550"]
[BlackElo "2677"]
[WhiteFideId "8603006"]
[BlackFideId "12521213"]
[EventDate "2023.05.17"]
[EventType "swiss"]

1. d4 Nf6 2. c4 e6 3. Nc3 d5 4. cxd5 exd5 5. Bg5 Bb4 6. e3 h6 7. Bxf6 Qxf6 8.
Qb3 Qd6 9. a3 Bxc3+ 10. Qxc3 Bf5 11. Qb4 Qxb4+ 12. axb4 Ke7 13. Ne2 Nd7 14. Nc3
Nb6 15. Kd2 a6 16. f3 c6 17. h4 h5 18. b3 Rae8 19. Bd3 Bxd3 20. Kxd3 Rd8 21.
Rad1 Nc8 22. e4 dxe4+ 23. fxe4 Rh6 24. g3 Nd6 25. Rhf1 Rg6 26. Ne2 f5 27. exf5
Rf6 28. Nf4 Rxf5 29. Rde1+ Kd7 30. Re5 Rdf8 31. Rfe1 R8f7 32. R1e2 R5f6 33. Nxh5
Rf1 34. Re1 R1f2 1/2-1/2

[Event "6th Sharjah Masters 2023"]
[Site "Sharjah UAE"]
[Date "2023.05.20"]
[Round "4.3"]
[White "Maghsoodloo, Parham"]
[Black "Nguyen, Thai Dai Van"]
[Result "1/2-1/2"]
[WhiteTitle "GM"]
[BlackTitle "GM"]
[WhiteElo "2734"]
[BlackElo "2645"]
[WhiteFideId "12539929"]
[BlackFideId "358878"]
[EventDate "2023.05.17"]
[EventType "swiss"]

1. d4 Nf6 2. c4 e6 3. Nc3 Bb4 4. e3 O-O 5. Bd2 c5 6. a3 Bxc3 7. Bxc3 Ne4 8. Ne2
b6 9. d5 Re8 10. g3 Qg5 11. h4 Qf5 12. Rh2 exd5 13. Bh3 Qh5 14. Qxd5 Qxd5 15.
cxd5 Na6 16. O-O-O d6 17. Bxc8 Raxc8 18. g4 Nc7 19. g5 Nxc3 20. Nxc3 b5 1/2-1/2

[Event "6th Sharjah Masters 2023"]
[Site "Sharjah UAE"]
[Date "2023.05.20"]
[Round "4.4"]
[White "Yilmaz, Mustafa"]
[Black "Gukesh, D"]
[Result "1/2-1/2"]
[WhiteTitle "GM"]
[BlackTitle "GM"]
[WhiteElo "2641"]
[BlackElo "2732"]
[WhiteFideId "6302718"]
[BlackFideId "46616543"]
[EventDate "2023.05.17"]
[EventType "swiss"]

1. d4 Nf6 2. c4 e6 3. Nf3 d5 4. Nc3 c6 5. e3 Be7 6. Bd3 dxc4 7. Bxc4 b5 8. Bd3
b4 9. Na4 Nbd7 10. e4 c5 11. e5 Nd5 12. Nxc5 Nxc5 13. dxc5 Bxc5 14. Qc2 Qb6 15.
O-O Bb7 16. Qc4 O-O-O 17. Ng5 Qc6 18. Qg4 Rd7 19. Be2 h5 20. Qh3 Kb8 21. Nf3 Ne7
22. Nh4 Qb6 23. a3 b3 24. a4 Nc6 25. Nf3 Qb4 26. Qg3 h4 27. Qxg7 Rdd8 28. Qf6
Rhg8 29. Be3 Be7 30. Qh6 Nxe5 31. Qf4 Qxf4 32. Bxf4 Bd6 33. Nxh4 Ng6 34. Nxg6
Rxg6 35. Bg3 Bxg3 36. hxg3 Rd2 37. Rfe1 Rg5 38. Bc4 Rf5 39. Re2 Rxe2 40. Bxe2
Rc5 41. Bd3 Kc7 42. a5 Kd6 43. f3 f5 44. Kf2 e5 45. a6 Bc6 46. Rd1 Ke6 47. Ke3
e4 48. fxe4 fxe4 49. Kd4 Ra5 50. Bc4+ Bd5 51. Rh1 Bxc4 52. Rh6+ Kd7 53. Kxc4 Rg5
54. Kxb3 Rxg3+ 55. Kc4 Rxg2 56. Rh7+ Kc6 57. Rxa7 Rxb2 58. Re7 Ra2 1/2-1/2

[Event "6th Sharjah Masters 2023"]
[Site "Sharjah UAE"]
[Date "2023.05.20"]
[Round "4.5"]
[White "Aravindh, Chithambaram VR."]
[Black "Yu, Yangyi"]
[Result "1/2-1/2"]
[WhiteTitle "GM"]
[BlackTitle "GM"]
[WhiteElo "2633"]
[BlackElo "2729"]
[WhiteFideId "5072786"]
[BlackFideId "8603820"]
[EventDate "2023.05.17"]
[EventType "swiss"]

1. d4 d5 2. c4 c6 3. Nf3 Nf6 4. Qc2 g6 5. e3 Bg7 6. Be2 O-O 7. O-O Be6 8. cxd5
cxd5 9. Nc3 Nc6 10. Bd2 Rc8 11. Rfc1 a6 12. Qd1 Qd6 13. Na4 Rc7 14. Nc5 Bf5 15.
Qb3 Rb8 16. Be1 Ne4 17. Nd3 Rbc8 18. h3 h5 19. Qd1 Bf6 20. a4 Ng5 21. Nxg5 Bxg5
22. Rc3 Bf6 23. Rac1 e6 24. b4 Bxd3 25. Bxd3 Bd8 26. Rc5 Nb8 27. e4 dxe4 28.
Bxe4 b6 29. Rxc7 Rxc7 30. Rxc7 Bxc7 31. Qd3 a5 32. bxa5 bxa5 33. d5 Nd7 34. dxe6
Qxe6 35. Bc3 Nc5 36. Qd4 Qe5 37. Bc6 Qxd4 38. Bxd4 Ne6 39. Be3 Bf4 40. Bb6 Bc7
41. Be3 Bf4 42. Ba7 Be5 43. Kf1 Kf8 44. g3 Bd4 45. Bb8 Ke7 46. Bb5 Bc5 47. Be5
Bd4 48. Bb8 Bc5 49. Be5 Bd4 1/2-1/2

[Event "6th Sharjah Masters 2023"]
[Site "Sharjah UAE"]
[Date "2023.05.20"]
[Round "4.6"]
[White "Sjugirov, Sanan"]
[Black "Abasov, Nijat"]
[Result "1/2-1/2"]
[WhiteTitle "GM"]
[BlackTitle "GM"]
[WhiteElo "2712"]
[BlackElo "2634"]
[WhiteFideId "4189302"]
[BlackFideId "13402960"]
[EventDate "2023.05.17"]
[EventType "swiss"]

1. d4 Nf6 2. c4 e6 3. e3 d5 4. Nc3 Be7 5. cxd5 exd5 6. Bd3 Nbd7 7. Nge2 O-O 8.
O-O Re8 9. Rb1 a5 10. f3 c5 11. Bb5 Qb6 12. Nf4 cxd4 13. exd4 Bd6 14. a4 Bb8 15.
g3 Qd6 16. Qb3 Ba7 17. Rd1 Rd8 18. Kg2 Nb8 1/2-1/2

[Event "6th Sharjah Masters 2023"]
[Site "Sharjah UAE"]
[Date "2023.05.20"]
[Round "4.7"]
[White "Sargsyan, Shant"]
[Black "Niemann, Hans Moke"]
[Result "1/2-1/2"]
[WhiteTitle "GM"]
[BlackTitle "GM"]
[WhiteElo "2630"]
[BlackElo "2708"]
[WhiteFideId "13306766"]
[BlackFideId "2093596"]
[EventDate "2023.05.17"]
[EventType "swiss"]

1. d4 d5 2. c4 dxc4 3. Nf3 Nf6 4. e3 e6 5. Bxc4 c5 6. O-O a6 7. dxc5 Bxc5 8.
Qxd8+ Kxd8 9. b3 b5 10. Be2 Nbd7 11. Bb2 Bb7 12. a4 b4 13. a5 Ke7 14. Nbd2 Nd5
15. Rfc1 f6 16. Nd4 Rhc8 17. Bf3 Rc7 18. Ne2 Rac8 19. Nc4 Kf7 20. Rd1 g5 21.
Rac1 Kg6 22. Ng3 Be7 23. Be4+ Kf7 24. Bxh7 Nc5 25. Bc2 Na4 26. Ba1 Ndc3 27. Bxc3
Nxc3 28. Rd2 Bd5 29. Bd3 Rd8 30. Rdc2 Bb7 31. Be2 Nxe2+ 32. Nxe2 Rcd7 33. f3 Rd3
34. Rb2 Bd5 35. Kf2 e5 36. Ng3 Bxc4 37. Rxc4 Rd2+ 38. Rxd2 Rxd2+ 39. Kf1 Rb2 40.
Nf5 Bf8 41. Rc7+ Ke6 42. e4 Rxb3 43. Ke2 Rc3 44. Rb7 b3 45. Kd2 Rc5 46. Rxb3
Rxa5 47. Rb6+ Kf7 48. Rb7+ Kg6 49. Rb8 Ra2+ 50. Kd3 Kf7 51. Rb7+ Kg8 52. Ne3
Ra3+ 53. Ke2 Ra2+ 54. Kd3 Ra3+ 55. Kd2 Ra2+ 56. Kd3 1/2-1/2

[Event "6th Sharjah Masters 2023"]
[Site "Sharjah UAE"]
[Date "2023.05.20"]
[Round "4.8"]
[White "Aryan, Chopra"]
[Black "Erigaisi, Arjun"]
[Result "1-0"]
[WhiteTitle "GM"]
[BlackTitle "GM"]
[WhiteElo "2617"]
[BlackElo "2701"]
[WhiteFideId "5084423"]
[BlackFideId "35009192"]
[EventDate "2023.05.17"]
[EventType "swiss"]

1. e4 e5 2. Nf3 Nc6 3. Bc4 Nf6 4. d3 Bc5 5. c3 d6 6. O-O O-O 7. h3 Bb6 8. Re1
Ne7 9. a4 c6 10. Bb3 Ng6 11. Nbd2 Bc7 12. d4 exd4 13. cxd4 d5 14. e5 Nh5 15. Nf1
Nhf4 16. Bxf4 Nxf4 17. Qd2 Ne6 18. Bc2 f6 19. Ra3 a5 20. Ng3 fxe5 21. Nxe5 Nf4
22. Ne2 Qh4 23. Nxf4 Qxf4 24. Rae3 Bxe5 25. dxe5 Be6 26. g3 Qf7 27. f4 g6 28.
Kh2 Qd7 29. R3e2 c5 30. g4 d4 31. Rf2 Kg7 32. Be4 c4 33. f5 Bg8 34. Qf4 Rae8 35.
Bg2 d3 36. e6 Qe7 37. Ref1 Kh8 38. Qxc4 Qd6+ 39. Kh1 Rc8 40. Qe4 Rc5 41. Rd2 Re5
42. Rxd3 Qc5 43. Qd4 Qxd4 44. Rxd4 gxf5 45. gxf5 Rfxf5 46. Rxf5 Rxf5 47. Re4 Rf8
48. Re5 Kg7 49. Bxb7 Kf6 50. Rxa5 Bxe6 51. Rb5 Bd7 52. Rb6+ Ke5 53. a5 Rf1+ 54.
Kg2 Ra1 55. a6 h5 56. Rb3 Ra2 57. Ra3 Rxb2+ 58. Kg3 Rb4 59. a7 h4+ 60. Kf2 Rb2+
61. Ke3 1-0

[Event "6th Sharjah Masters 2023"]
[Site "Sharjah UAE"]
[Date "2023.05.20"]
[Round "4.10"]
[White "Sevian, Samuel"]
[Black "Yakubboev, Nodirbek"]
[Result "1-0"]
[WhiteTitle "GM"]
[BlackTitle "GM"]
[WhiteElo "2684"]
[BlackElo "2630"]
[WhiteFideId "2040506"]
[BlackFideId "14203987"]
[EventDate "2023.05.17"]
[EventType "swiss"]

1. d4 Nf6 2. c4 g6 3. Nc3 Bg7 4. e4 d6 5. Be2 O-O 6. Be3 Nc6 7. d5 Ne5 8. f4
Neg4 9. Bd2 Nh6 10. Nf3 c6 11. a4 e6 12. dxe6 Bxe6 13. O-O Nd7 14. Ng5 a5 15. g4
Nb6 16. b3 d5 17. cxd5 cxd5 18. e5 d4 19. Nb5 Bd7 20. Bf3 f6 21. exf6 Qxf6 22.
Rc1 Rac8 23. Rxc8 Nxc8 24. Bxa5 Ne7 25. Bc7 Nf7 26. Nxf7 Qxf7 27. Be5 Bxb5 28.
axb5 Rd8 29. Be2 Kh8 30. Bc4 Qf8 31. Qd3 Nc8 32. Qe4 Qe7 33. Rd1 Bxe5 34. Qxe5+
Qxe5 35. fxe5 Kg7 36. Kf2 Nb6 37. Ke2 Re8 38. e6 Nxc4 39. bxc4 Rxe6+ 40. Kd3 Kf6
41. c5 Kg5 42. Kc4 Kxg4 43. Rxd4+ Kh3 44. Rd7 h5 45. Rxb7 Kxh2 46. c6 g5 47. Rh7 1-0

[Event "6th Sharjah Masters 2023"]
[Site "Sharjah UAE"]
[Date "2023.05.20"]
[Round "4.11"]
[White "Vokhidov, Shamsiddin"]
[Black "Esipenko, Andrey"]
[Result "1/2-1/2"]
[WhiteTitle "GM"]
[BlackTitle "GM"]
[WhiteElo "2586"]
[BlackElo "2679"]
[WhiteFideId "14204223"]
[BlackFideId "24175439"]
[EventDate "2023.05.17"]
[EventType "swiss"]

1. e4 e5 2. Nf3 Nc6 3. Bb5 a6 4. Ba4 Nf6 5. O-O b5 6. Bb3 Bc5 7. a4 Rb8 8. c3 d6
9. d4 Bb6 10. a5 Ba7 11. h3 O-O 12. Be3 Ra8 13. Nbd2 h6 14. Re1 Re8 15. Qc2 exd4
16. cxd4 Nb4 17. Qc3 c5 18. Bf4 Qe7 19. d5 Bd7 20. Bh2 Rac8 21. Bd1 Qf8 22. Re3
Bb8 23. Bb3 Ba7 24. Bd1 Bb8 25. Bb3 Ba7 26. Bd1 Bb8 1/2-1/2

[Event "6th Sharjah Masters 2023"]
[Site "Sharjah UAE"]
[Date "2023.05.20"]
[Round "4.12"]
[White "Salem, A.R. Saleh"]
[Black "Kovalev, Vladislav"]
[Result "0-1"]
[WhiteTitle "GM"]
[BlackTitle "GM"]
[WhiteElo "2677"]
[BlackElo "2612"]
[WhiteFideId "9301348"]
[BlackFideId "13504398"]
[EventDate "2023.05.17"]
[EventType "swiss"]

1. e4 e5 2. Nf3 Nc6 3. Bb5 a6 4. Ba4 Nf6 5. O-O Be7 6. Re1 b5 7. Bb3 d6 8. c3
O-O 9. h3 Na5 10. Bc2 c5 11. d4 Qc7 12. d5 Nc4 13. b3 Nb6 14. a4 Bd7 15. Qe2
Rfb8 16. Nbd2 Bd8 17. Nh2 h6 18. Nhf1 Nc8 19. Ne3 Ne7 20. h4 Qc8 21. Ra2 Ng4 22.
Ndf1 Nxe3 23. Nxe3 Bb6 24. Bd2 c4 25. bxc4 bxa4 26. Bxa4 Bxa4 27. Rxa4 Bc5 28.
Rea1 Rb6 29. Nc2 f5 30. Nb4 Rab8 31. h5 f4 32. Be1 Kh7 33. Nxa6 Rxa6 34. Rxa6
Ng8 35. Rc6 Qd7 36. Rxc5 dxc5 37. f3 Nf6 38. Qf2 Nxh5 39. Qh4 Qf7 40. Bf2 Rb3
41. Qh3 Rxc3 42. Rd1 Nf6 43. Be1 Rxc4 44. Qf5+ Qg6 45. Qxe5 Nxe4 46. fxe4 Rxe4
47. Qb2 f3 48. Qf2 fxg2 49. Qf3 Re5 50. Bg3 Rf5 51. Qxg2 Rg5 52. Qe2 Rxg3+ 0-1

[Event "6th Sharjah Masters 2023"]
[Site "Sharjah UAE"]
[Date "2023.05.20"]
[Round "4.13"]
[White "Martirosyan, Haik M."]
[Black "Yoo, Christopher Woojin"]
[Result "1-0"]
[WhiteTitle "GM"]
[BlackTitle "GM"]
[WhiteElo "2675"]
[BlackElo "2607"]
[WhiteFideId "13306553"]
[BlackFideId "30909694"]
[EventDate "2023.05.17"]
[EventType "swiss"]

1. d4 d5 2. c4 e6 3. Nf3 Nf6 4. Nc3 h6 5. cxd5 exd5 6. Bf4 Bd6 7. Bxd6 Qxd6 8.
Qc2 g6 9. e3 Bf5 10. Qb3 O-O 11. Rc1 Nbd7 12. Be2 c6 13. O-O a5 14. h3 b5 15.
Nh4 Be6 16. Qc2 Rac8 17. Bd3 Rfe8 18. f4 b4 19. Na4 Ne4 20. f5 Bxf5 21. Nxf5
gxf5 22. Rxf5 Qe6 23. Bxe4 Qxe4 24. Qxe4 Rxe4 25. Rxd5 Nf6 26. Rf5 Kg7 27. Kf2
Re7 28. Rxa5 Ne4+ 29. Ke2 b3 30. axb3 Rb8 31. Re5 Rxe5 32. dxe5 Rxb3 33. Rxc6
Rb4 34. Ra6 h5 35. Kd1 Rb3 36. Ke2 Rb4 37. Ra7 Kg6 38. Kd1 Rb3 39. Nc3 Ng5 40.
Kc2 Rb8 41. Nd5 Kf5 42. h4 Ne4 43. Nc3 Ng3 44. Rxf7+ Kxe5 45. e4 Rg8 46. Kd3 Ke6
47. Rf3 Nh1 48. Ne2 Ke5 49. g3 Rb8 50. Rf5+ Kd6 51. Kc3 Rc8+ 52. Kd4 Rc2 53. e5+
Ke7 54. Nf4 Rd2+ 55. Kc3 Nxg3 56. Ng6+ 1-0

[Event "6th Sharjah Masters 2023"]
[Site "Sharjah UAE"]
[Date "2023.05.20"]
[Round "4.14"]
[White "Oparin, Grigoriy"]
[Black "Murzin, Volodar"]
[Result "1/2-1/2"]
[WhiteTitle "GM"]
[BlackTitle "GM"]
[WhiteElo "2667"]
[BlackElo "2604"]
[WhiteFideId "24125890"]
[BlackFideId "44155573"]
[EventDate "2023.05.17"]
[EventType "swiss"]

1. c4 e5 2. Nc3 Nf6 3. Nf3 Nc6 4. g3 d5 5. cxd5 Nxd5 6. Bg2 Bc5 7. O-O O-O 8. d3
h6 9. Nxd5 Qxd5 10. a3 Qd6 11. b4 Bb6 12. Nd2 Be6 13. Nc4 Qd8 14. b5 Bxc4 15.
dxc4 Qxd1 16. Rxd1 Na5 17. Bd2 Nxc4 18. Bb4 Rfd8 19. Bxb7 Rab8 20. Be4 Ba5 21.
Be7 Rd2 22. a4 Re8 23. Bc5 Red8 24. Rdc1 Nd6 25. Bg2 Rxe2 26. Bxa7 Nf5 27. Rcb1
Rd6 28. Bc5 Rf6 29. Bf1 Rc2 30. Rc1 Rxc1 31. Rxc1 Nd4 32. Bc4 Bb6 33. Bxb6 cxb6
34. Kg2 Kf8 35. Ba2 Ke7 36. Rc8 Kd6 37. h4 g5 38. hxg5 hxg5 39. Rf8 Kc5 40. Rxf7
Rxf7 41. Bxf7 Kb4 42. Kh3 Nf5 43. Bg6 Nh6 44. Bc2 Kc5 45. Kg2 Ng8 46. Kf3 Nf6
47. Ke3 Kb4 48. Kd3 Kc5 49. Kc3 Ng4 50. f3 Nf6 51. Kd3 Kb4 52. g4 Kc5 53. Bd1
Kb4 54. Bc2 Kc5 55. Bb3 Kb4 56. Bd1 Kc5 57. Bc2 Kd5 1/2-1/2